000
00257nam a22001097a 4500
082
_a
629.254YOU
100
_a
Young
245
_a
Automobile electrical and electronic equipment
260
_a
London
_b
English Book Society
_c
1986
300
_a
458
942
_c
BK
999
_c
14666
_d
14666